000 00469nam a2200169 4500
001 111603
003 ES-MaACL
005 20260114063024.0
007 t|
008 061121s1970 sp r ||||1| spa d
100 1 _aNarbona, Rafael,
_d1911-1972
_9242685
245 1 0 _aCarta al hijo
_b: novela /
_cRafael Narbona.
260 _aMadrid :
_bQuevedo,
_c1970.
300 _a206 p. ;
_c18 cm.
852 _aES-MaACL
_jC-40718
_bR.73581
999 _c111603
_d111603